Geografía 1: geografía general, asia y africa /
Guardado en:
| Autor Principal: | |
|---|---|
| Formato: | Libro |
| Publicado: |
Buenos Aires :
A-z,
1990
|
| Edición: | 2a. ed. |
| Materias: | |
| Etiquetas: |
Agregar Etiqueta
Sin Etiquetas, Sea el primero en etiquetar este registro!
|
| LEADER | 00973nam a22002295a 4500 | ||
|---|---|---|---|
| 001 | CEM.cems015969 | ||
| 005 | 20110625120930.0 | ||
| 008 | 130507s1990##################000#0#####d | ||
| 003 | CEMS | ||
| 020 | |a 95053413X | ||
| 082 | 0 | 4 | |a 910 |
| 100 | 1 | |a Lorenzini, Horacio N. | |
| 245 | 1 | 0 | |a Geografía 1: geografía general, asia y africa / |c Horacio N Lorenzini |
| 250 | |a 2a. ed. | ||
| 260 | |a Buenos Aires : |b A-z, |c 1990 | ||
| 300 | |a 261 p. | ||
| 505 | 0 | |a La geografía una ciencia apasionante -- La tierra en el universo -- La tierra y su representación gráfica -- La tierra, sus relieves -- La tierra, sus climas y biomas -- La tierra, sus aguas -- La tierra y sus habitantes -- La tierra, actividades económicas -- Asia, el gran mosaico -- Africa, un continente que gana su independencia | |
| 653 | |a Geografía | ||
| 653 | |a Geografía-1ero. egb | ||
| 653 | |a Asia-geografía | ||
| 653 | |a Africa-geografía | ||
| 859 | |a CEMS |b BIB. CEMS - Agricultura |h 910 |i L887a2 |p A17398.93 |t Ej.1 | ||
